|
|
|
|
| LEADER |
02728nam a22005775i 4500 |
| 001 |
978-3-540-31850-7 |
| 003 |
DE-He213 |
| 005 |
20151204150458.0 |
| 007 |
cr nn 008mamaa |
| 008 |
100630s2005 gw | s |||| 0|eng d |
| 020 |
|
|
|a 9783540318507
|9 978-3-540-31850-7
|
| 024 |
7 |
|
|a 10.1007/b136502
|2 doi
|
| 040 |
|
|
|d GrThAP
|
| 050 |
|
4 |
|a Q334-342
|
| 050 |
|
4 |
|a TJ210.2-211.495
|
| 072 |
|
7 |
|a UYQ
|2 bicssc
|
| 072 |
|
7 |
|a TJFM1
|2 bicssc
|
| 072 |
|
7 |
|a COM004000
|2 bisacsh
|
| 082 |
0 |
4 |
|a 006.3
|2 23
|
| 245 |
1 |
0 |
|a Transactions on Rough Sets III
|h [electronic resource] /
|c edited by James F. Peters, Andrzej Skowron.
|
| 264 |
|
1 |
|a Berlin, Heidelberg :
|b Springer Berlin Heidelberg,
|c 2005.
|
| 300 |
|
|
|a IX, 461 p.
|b online resource.
|
| 336 |
|
|
|a text
|b txt
|2 rdacontent
|
| 337 |
|
|
|a computer
|b c
|2 rdamedia
|
| 338 |
|
|
|a online resource
|b cr
|2 rdacarrier
|
| 347 |
|
|
|a text file
|b PDF
|2 rda
|
| 490 |
1 |
|
|a Lecture Notes in Computer Science,
|x 0302-9743 ;
|v 3400
|
| 505 |
0 |
|
|a Regular Papers -- Flow Graphs and Data Mining -- The Rough Set Exploration System -- Rough Validity, Confidence, and Coverage of Rules in Approximation Spaces -- Knowledge Extraction from Intelligent Electronic Devices -- Processing of Musical Data Employing Rough Sets and Artificial Neural Networks -- Computational Intelligence in Bioinformatics -- Rough Ethology: Towards a Biologically-Inspired Study of Collective Behavior in Intelligent Systems with Approximation Spaces -- Approximation Spaces and Information Granulation -- The Rough Set Database System: An Overview -- Rough Sets and Bayes Factor -- Formal Concept Analysis and Rough Set Theory from the Perspective of Finite Topological Approximations -- Dissertations and Monographs -- Time Complexity of Decision Trees.
|
| 650 |
|
0 |
|a Computer science.
|
| 650 |
|
0 |
|a Computers.
|
| 650 |
|
0 |
|a Mathematical logic.
|
| 650 |
|
0 |
|a Database management.
|
| 650 |
|
0 |
|a Data mining.
|
| 650 |
|
0 |
|a Artificial intelligence.
|
| 650 |
1 |
4 |
|a Computer Science.
|
| 650 |
2 |
4 |
|a Artificial Intelligence (incl. Robotics).
|
| 650 |
2 |
4 |
|a Data Mining and Knowledge Discovery.
|
| 650 |
2 |
4 |
|a Theory of Computation.
|
| 650 |
2 |
4 |
|a Mathematical Logic and Formal Languages.
|
| 650 |
2 |
4 |
|a Computation by Abstract Devices.
|
| 650 |
2 |
4 |
|a Database Management.
|
| 700 |
1 |
|
|a Peters, James F.
|e editor.
|
| 700 |
1 |
|
|a Skowron, Andrzej.
|e editor.
|
| 710 |
2 |
|
|a SpringerLink (Online service)
|
| 773 |
0 |
|
|t Springer eBooks
|
| 776 |
0 |
8 |
|i Printed edition:
|z 9783540259985
|
| 830 |
|
0 |
|a Lecture Notes in Computer Science,
|x 0302-9743 ;
|v 3400
|
| 856 |
4 |
0 |
|u http://dx.doi.org/10.1007/b136502
|z Full Text via HEAL-Link
|
| 912 |
|
|
|a ZDB-2-SCS
|
| 912 |
|
|
|a ZDB-2-LNC
|
| 950 |
|
|
|a Computer Science (Springer-11645)
|